| 000 | 00000nam##2200000za#4500 |
| 001 | 9.662155 |
| 003 | CaOODSP |
| 005 | 20210615120416 |
| 007 | ta |
| 008 | 150407|2000||||xxc||||| f|0| 0 eng|d |
| 020 | |a0-662-65228-2 |
| 040 | |aCaOODSP|beng |
| 041 | |aeng |
| 041 | |afre |
| 043 | |an-cn--- |
| 086 | 1 |aCi51-96/2000 |
| 110 | 1 |aCanada. |bCitizenship and Immigration Canada. |
| 245 | 10|aBelonging: an activity guide for teachers and youth leaders |
| 260 | |aOttawa - Ontario : |bCitizenship and Immigration Canada |c2000. |
| 300 | |aEnglish text, 32p. : |bcoloured illus. ; |c22 cm. + |ea poster "Canada: we all belong!" and a sample copy of "Times of my life". |
| 500 | |a"Geared to youth leaders and teachers who teach children between the ages of five and 13, the cross-curricular approach of this Guide could prove useful for social sciences, health, language arts and ESL/FSL classes."--Introduction. |
| 546 | |aBilingual |
| 563 | |aSoftcover |
| 590 | |a00-47|b2000-11-24 |
| 690 | 07|aCitizenship|2gcpds |
| 690 | 07|aAdolescents|2gcpds |
| 690 | 07|aChildren|2gcpds |
| 690 | 07|aTeachers|2gcpds |
| 776 | 0#|tL'appartenance - guide d'activités pour enseignants et responsables de jeunes |w(CaOODSP)9.636937 |
| 776 | 0#|tBelonging - an activity guide for teachers and youth leaders |w(CaOODSP)9.692721 |
| 792 | |tL'appartenance: guide d'activités pour enseignants et responsables de jeunes |efre|w(CaOODSP)9.662156 |
| 986 | |aC&I-403-09/00 |